| 000 | 01199cam a2200289 a 4500 | ||
|---|---|---|---|
| 001 | 16979227 | ||
| 005 | 20170105102349.0 | ||
| 008 | 110927s2010 enka b 001 0 eng | ||
| 010 | _a 2011290698 | ||
| 020 | _a9781107002173 (hardback) | ||
| 040 |
_aDLC _cDLC _dDLC |
||
| 042 | _apcc | ||
| 082 | 0 | 0 |
_a004.1 _223 |
| 100 | 1 |
_aNielsen, Michael A., _d1974- |
|
| 245 | 1 | 0 |
_aQuantum computation and quantum information _cMichael A. Nielsen & Isaac L. Chuang. |
| 260 |
_aCambridge ; _aNew York : _bCambridge University Press, _c2010. |
||
| 300 |
_axxxi, 676 p. : _bill. ; _c26 cm. |
||
| 504 | _aIncludes bibliographical references (p. [649]-664) and index. | ||
| 650 | 0 | _aQuantum computers. | |
| 700 | 1 |
_aChuang, Isaac L., _d1968- |
|
| 856 | 4 | 2 |
_3Contributor biographical information _uhttp://www.loc.gov/catdir/enhancements/fy1117/2011290698-b.html |
| 856 | 4 | 2 |
_3Publisher description _uhttp://www.loc.gov/catdir/enhancements/fy1117/2011290698-d.html |
| 856 | 4 | 1 |
_3Table of contents only _uhttp://www.loc.gov/catdir/enhancements/fy1117/2011290698-t.html |
| 906 |
_a7 _bcbc _corigcop _d2 _encip _f20 _gy-gencatlg |
||
| 942 |
_2ddc _cBK |
||
| 999 |
_c11823 _d11823 |
||